000 02548nam0a2200553 4500
001 RU\NLR\bibl\1710150
005 20250616064636.0
010 _a5-8372-0149-1
_91000
021 _aRU
_b2010-87831
_95892
035 _a(nilc)LIBNET\0000088005
035 _a2VIL\RUSMED\0000173127
035 _a(NLR Aleph) 001701185
090 _a1221408
_c1221408
100 _a20101118d2006 |||y0rusy50 ca
101 0 _arus
102 _aRU
105 _aa |||||||||
200 1 _aВоенная челюстно-лицевая хирургия
_eучебное пособие
_eдля студентов, обучающихся по специальности: 060105 (040400) - стоматология УМО-577, 2006
_fФ. З. Мирсаева, Э. И. Галиева, Л. А. Рябых
_gГос. образоват. учреждение высш. проф. образования "Башк. гос. мед. ун-т Федер. агентства по здравоохранению и соц. развитию"
210 _aУфа
_cЗдравоохранение Башкортостана
_d2006
215 _a376 с.
_cил.
_d19
320 _aБиблиогр.: с. 374-375
606 1 _aХИРУРГИЯ ЧЕЛЮСТНО-ЛИЦЕВАЯ
_2rus_mesh
_3R13724
606 1 _aSURGERY, ORAL
_2rus_mesh
_3E13724
606 1 _aВОЕННАЯ МЕДИЦИНА
_2rus_mesh
_3R9054
606 1 _aMILITARY MEDICINE
_2rus_mesh
_3E9054
606 1 _aУЧЕБНОЕ ПОСОБИЕ
_2rus_mesh
_3R53797
606 1 _aВоенная челюстно-лицевая хирургия
_jУчебные издания для высших учебных заведений
_91300784
_3RU\NLR\auth\66221374
606 1 _aINSTRUCTION
_2rus_mesh
_3E53797
686 _a76.29.55
_2rugasnti
686 _a76.35.31
_2rugasnti
686 _a76.01.33
_2rugasnti
686 _aE06.892
_v2010
_2MESH
686 _aH02.163.876.886
_v2010
_2MESH
686 _aH02.403.500
_v2010
_2MESH
686 _aV02.575
_v2010
_2MESH
686 _aР665.43я73
686 _aР669я73
700 1 _aМирсаева
_bФ. З.
_gФания Зартдиновна
_4070
701 1 _aГалиева
_bЭ. И.
_gЭльмира Илаловна
_4070
701 1 _aРябых
_bЛ. А.
_gЛюбовь Алексеевна
_4070
801 0 _aRU
_bЦНМБ
_c20101118
_gPSBO
801 1 _aRU
_bЦНМБ
_c20101118
801 2 _aRU
_bЦНМБ
_c20101201
801 2 _aRU
_bNLR
_c20101207
_grcr
830 _aавт. по кн.
942 _cBOOK
980 _aNB